| Tag |
First Indicator |
Second Indicator |
Subfields |
| LEADER |
00000cam a2200000 i 4500 |
| 001 |
in00001111900 |
| 005 |
20150930061523.0 |
| 008 |
840310s1888 mau 000 0 eng d |
| 035 |
|
|
|a (OCoLC)10508289
|
| 035 |
|
|
|9 AFV0582AM
|
| 040 |
|
|
|a MSM
|c MSM
|d UtOrBLW
|
| 049 |
|
|
|a TXAM
|
| 090 |
|
|
|a E105.B879
|b I15 1888
|
| 100 |
1 |
|
|a Shipley, Marie A.
|q (Marie Adelaide),
|d 1843-1900.
|
| 245 |
1 |
4 |
|a The Icelandic discoverers of America, or, Honour to whom honour is due /
|c by Marie A. Brown, ...
|
| 264 |
|
1 |
|a Boston :
|b Marie A. Brown,
|c 1888.
|
| 300 |
|
|
|a 213 pages :
|b illustrations
|
| 336 |
|
|
|a text
|b txt
|2 rdacontent
|
| 337 |
|
|
|a unmediated
|b n
|2 rdamedia
|
| 338 |
|
|
|a volume
|b nc
|2 rdacarrier
|
| 500 |
|
|
|a "'They called the country Vinland.' "' We know it,'said I. 'I am a Vinlander.'" ---Bayard Taylor."
|
| 500 |
|
|
|a Bibliography: pages [209]-213.
|
| 651 |
|
0 |
|a America
|x Discovery and exploration
|x Norse.
|
| 740 |
0 |
|
|a Honour to whom honour is due.
|
| 999 |
|
|
|a MARS
|
| 999 |
f |
f |
|s 5dee044c-c645-3051-bad5-464ea92a2cf3
|i 1d22d9ed-8d9c-3403-ae50-1f0ac75f45ac
|t 0
|
| 952 |
f |
f |
|p ric
|a Texas A&M University
|b Rellis Campus
|c Joint Library Facility
|d Remote Storage
|t 0
|e E105.B879 I15 1888
|h Library of Congress classification
|i unmediated -- volume
|m A14817073532
|
| 998 |
f |
f |
|a E105.B879 I15 1888
|t 0
|l Remote Storage
|